Normal view
MARC view
- Ashitha GN
Entry Personal Name
001 - CONTROL NUMBER
- control field: 4794
003 - CONTROL NUMBER IDENTIFIER
- control field: OSt
005 - DATE AND TIME OF LATEST TRANSACTION
- control field: 20201221122500.0
008 - FIXED-LENGTH DATA ELEMENTS
- fixed length control field: 201221|| aca||aabn | a|a d
040 ## - CATALOGING SOURCE
- Original cataloging agency: OSt
- Transcribing agency: OSt
100 ## - HEADING--PERSONAL NAME
- Personal name: Ashitha GN
670 ## - SOURCE DATA FOUND
- Source citation: Work cat.: (OSt): Ashitha GN, Development and evaluation of flow through ohmic heating assisted pulsed light treatment system for preservation of fruit juice, 2020
